Teatro completo / (Record no. 143942)

MARC details
000 -LEADER
campo de control de longitud fija 01177nam a2200169 i 4500
001 - NÚMERO DE CONTROL
campo de control 143942
003 - IDENTIFICADOR DE NÚMERO DE CONTROL
campo de control ES-MaACL
005 - FECHA Y HORA DE LA ÚLTIMA TRANSACCIÓN
campo de control 20230906200918.0
007 - CAMPO FIJO DE DESCRIPCIÓN FÍSICA--INFORMACIÓN GENERAL
campo de control de longitud fija t|
008 - DATOS DE LONGITUD FIJA--INFORMACIÓN GENERAL
campo de control de longitud fija 070214m1966 ag r ||||1| spa d
100 1# - ENTRADA PRINCIPAL--NOMBRE DE PERSONA
Nombre de persona Shaw, Bernard.
9 (RLIN) 106025
245 10 - MENCIÓN DEL TÍTULO
Título Teatro completo /
Mención de responsabilidad, etc. Bernard Shaw.
260 ## - PUBLICACIÓN, DISTRIBUCIÓN, ETC.
Lugar de publicación, distribución, etc. Buenos Aires :
Nombre del editor, distribuidor, etc. Ed. Sudamericana,
Fecha de publicación, distribución, etc. 1966- (
Lugar de fabricación/manufactura Barcelona :
Fabricante Emegé)
300 ## - DESCRIPCIÓN FÍSICA
Extensión 1 v. ;
Dimensiones 22 cm.
500 ## - NOTA GENERAL
Nota general Contiene: I . Comedias desagradables . Prefacio : principalmente acerca de mí mismo ; Casas de viudos ; El mariposón ; La profesión de la señora Warren -- Comedias agradables . Prefacio ; Héroes y hombres, una comedia antirromántica ; Cándida : un misterio ; El hombre del destino : un capítulo de historia ficticia ; Nunca puede saberse -- Tres comedias para puritanos . Prefacio ; El discípulo del diablo : un melodrama ; César y Cleopatra : una historia ; La conversión del capitán Brassbound : una aventura -- Hombre y superhombre . Epístola dedicatoria ; Hombre y superhombre : una comedia y una filosofía ; La otra isla de John Bull ; Así le mintió él al marido de ella ; La comandante Bárbara.
852 ## - LOCALIZACIÓN
Ubicación ES-MaACL
Número de control de estantería P-1161
Sublocalización o colección R.62275
Holdings
Estatus retirado Estado de pérdida Estado de daño No para préstamo Biblioteca de origen Biblioteca actual Ubicación en estantería Fecha de adquisición Fuente de adquisición Total de préstamos Signatura topográfica completa Código de barras Visto por última vez Precio de reemplazo Tipo de ítem Koha
        Biblioteca del Ateneo de Madrid Biblioteca del Ateneo de Madrid Depósito 2 17/01/2008     P-1161 1149760 23/02/2023 23/02/2023 Libro impreso